2023-24 UEFA Women's Champions League teams - Statistics

General Stats
  • This quiz has been taken 61 times
    31 since last reset
  • The average score is 11 of 16
Answer Stats
Group Country Team % Correct
Group A Spain FC Barcelona
96%
Group D England Chelsea
93%
Group C France Paris Saint-Germain
93%
Group C Germany FC Bayern Munich
89%
Group D Spain Real Madrid
89%
Group B France Olympique Lyon
86%
Group A Portugal SL Benfica
68%
Group D France Paris FC
64%
Group C Italy AS Roma
61%
Group B Norway Brann Bergen
61%
Group D Sweden BK Häcken
57%
Group C Netherlands AFC Ajax
54%
Group A Sweden FC Rosengård
54%
Group B Czech Republic Slavia Prague
50%
Group A Germany Eintracht Frankfurt
46%
Group B Austria SKN St. Pölten
43%
No matching quizzes found
Score Distribution
Percent of People with Each Score
Percentile by Number Answered
Your Score History
You have not taken this quiz since the last reset